000 00654nam a2200217 i 4500
001 183174
003 ES-MaACL
005 20250805063321.0
008 140128s1985 sp |||| | spa d
020 _a84-01-38043-X
080 _a821.134.2-31"19"
100 1 _aSavater, Fernando,
_d1947-
_9104053
245 1 3 _aEl dialecto de la vida /
_cFernando Savater.
250 _a1ª ed.
260 _aEsplugues de Llobregat, Barcelona :
_bPlaza & Janés,
_c1985.
300 _a205 p. ;
_c19 cm.
490 1 _aLiteraria
830 0 _aLiteraria
_9178137
852 _aES-MaACL
_jL-29980
_z.- Donat. Miguel A. Velasco
999 _c183174
_d183174